000 01182cam a2200325 a 4500
001 12941931
003 OSt
005 20211119112214.0
008 020923s2003 nyua 001 0 eng
010 _a 2002513209
020 _a9780471134763
038 _aKhadija
040 _aDLC
_cDLC
_dDLC
050 0 0 _aTJ213
_b.K8354 2003
082 0 0 _a629.83
_221
_bKUO
100 1 _aKuo, Benjamin C.,
_d1930-
_935776
245 1 0 _aAutomatic Control Systems /
_cBenjamin C. Kuo, Farid Golnaraghi.
250 _a8th ed.
260 _aNew York :
_bJohn Wiley & Sons,
_cc2003.
300 _axiii, 609 p. :
_bill. (some col.) ;
_c26 cm. +
_e1 CD-ROM (4 3/4in.)
500 _aIncludes index.
563 _aPB
650 0 _aAutomatic control.
_926207
700 1 _aGolnaraghi, M. F.
_984565
856 4 2 _3Publisher description
_uhttp://www.loc.gov/catdir/description/wiley035/2002513209.html
856 4 1 _3Table of contents
_uhttp://www.loc.gov/catdir/toc/wiley031/2002513209.html
906 _a7
_bcbc
_corigcop
_d2
_encip
_f20
_gy-gencatlg
942 _2ddc
_cBK
999 _c31543
_d31543